<?xml version="1.0" encoding="UTF-8"?>
<collection xmlns="http://www.loc.gov/MARC21/slim">
 <record>
  <leader>01227nab a2200169 i 4500</leader>
  <controlfield tag="001">univ66313</controlfield>
  <controlfield tag="005">20230515154616.0</controlfield>
  <controlfield tag="008">230515s2023    hu      o     0||   hun d</controlfield>
  <datafield tag="040" ind1=" " ind2=" ">
   <subfield code="a">SZTE UnivHistória Repozitórium</subfield>
   <subfield code="b">hun</subfield>
  </datafield>
  <datafield tag="041" ind1=" " ind2=" ">
   <subfield code="a">hun</subfield>
  </datafield>
  <datafield tag="100" ind1="1" ind2=" ">
   <subfield code="a">Hollósi Zsolt</subfield>
  </datafield>
  <datafield tag="245" ind1="1" ind2="0">
   <subfield code="a">Csaknem százötven, ritka szívbetegségben szenvedő pácienst diagnosztizáltak tavaly az SZTE-n</subfield>
   <subfield code="h">[elektronikus dokumentum] /</subfield>
   <subfield code="c"> Hollósi Zsolt</subfield>
  </datafield>
  <datafield tag="260" ind1=" " ind2=" ">
   <subfield code="c">2023-05-13</subfield>
  </datafield>
  <datafield tag="490" ind1="0" ind2=" ">
   <subfield code="a">Szeged.hu</subfield>
  </datafield>
  <datafield tag="561" ind1=" " ind2=" ">
   <subfield code="a">Egyetemi hirarchívum</subfield>
  </datafield>
  <datafield tag="695" ind1=" " ind2=" ">
   <subfield code="a">Szent-Györgyi Albert Klinikai Központ - SZAKK, Elismerés, Együttműködés - teljes jogú tagság - European Reference Networks - ERN Guard-Heart, Nemzetközi kapcsolatok - Európai Unió, Sepp Róbert - részlegvezető egyetemi tanár, Belgyógyászati Klinika - Kardiovaszkuláris Centrum - Non-Invazív Kardiológiai Részleg, Betegellátás - ritka szívbetegségek, Széll Márta - tanszékvezető egyetemi tanár - stratégiai rektorhelyettes, Orvosi Genetikai Intézet</subfield>
  </datafield>
  <datafield tag="856" ind1="4" ind2="0">
   <subfield code="u">http://univ.bibl.u-szeged.hu/66313/1/Szeged.hu%20-%20Csaknem%20sz%C3%A1z%C3%B6tven%2C%20ritka%20sz%C3%ADvbetegs%C3%A9gben%20szenved%C5%91%20p%C3%A1cienst%20diagnosztiz%C3%A1ltak%20tavaly%20az%20SZTE-n.pdf</subfield>
   <subfield code="z">Dokumentum-elérés </subfield>
  </datafield>
 </record>
</collection>
